| 000 | 00948pam a2200265 a 4500 | ||
|---|---|---|---|
| 001 | 1164358 | ||
| 003 | CEME | ||
| 005 | 20210628201509.0 | ||
| 008 | 960816s1996 maua 001 0 eng | ||
| 010 | _a 96042135 | ||
| 020 | _a0750633700 (pbk.) | ||
| 040 |
_aDLC _cDLC _dDLC |
||
| 050 | 0 | 0 |
_aTK7867 _b.C27 1996 |
| 082 | 0 | 0 |
_a621.3815 _220 |
| 100 | 1 |
_aCarr, Joseph J. _926343 |
|
| 245 | 1 | 0 |
_aLinear IC applications :a designer's handbook _ba designer's handbook _cJoseph J. Carr. |
| 260 |
_aBoston, Mass. : _bButterworth Heinemann, _c1996. |
||
| 300 |
_aix, 352 p. : _bill. ; _c23 cm. |
||
| 500 | _aIncludes index. | ||
| 650 | 0 |
_aAnalog electronic systems _xDesign and construction. _955530 |
|
| 650 | 0 |
_aLinear integrated circuits. _955531 |
|
| 856 | 4 | 2 |
_3Publisher description _uhttp://www.loc.gov/catdir/description/els032/96042135.html |
| 856 | 4 | 1 |
_3Table of contents _uhttp://www.loc.gov/catdir/toc/els032/96042135.html |
| 942 |
_2ddc _cBK |
||
| 999 |
_c566372 _d566372 |
||